000 00643nam a2200205 i 4500
001 132354
003 ES-MaACL
005 20250818131147.0
007 t|
008 070214s1969 sp f r ||||1| spa d
080 _a946"1936/39"
100 1 _aRomero Pérez, Luis,
_d1916-2009
_999338
245 1 0 _aTres días de julio
_b: (18, 19 y 20 de 1936) /
_cLuis Romero.
260 _aMadrid :
_bCírculo de Amigos de la Historia,
_c1969.
300 _a3 v., 42 lám. ;
_c18 cm.
651 4 _aEspaña-
_xHistoria-
_y1936-1939, Guerra civil.
_98292
700 2 _a
_9241899
852 _aES-MaACL
_jC-37042-44
999 _c132354
_d132354